000 00387nam a2200169Ia 4500
008 230524s9999 xx 000 0 und d
020 _a8180140326
082 _a621.8
_bSHA
100 _aS.C.Sharma
245 0 _aMachine Drawing
250 _a1st
260 _aNEW DELHI
_bStandard
_c2004
300 _aXI;736
500 _aQuantity Number: 5
650 _aMechanics
942 _cBK
999 _c15619
_d15619